Авторы научной фантастики - Армагеддон - Statistics

General Stats
  • This quiz has been taken 15 times
  • The average score is 7 of 15
Answers on the Grid
Answers color-coded by a green-red scale on the quiz's grid according to % correct below.
Теодор Стёрджон
Лоис Макмастер Буджолд
Уильям Фолкнер
Майкл Муркок
Клайв Льюис
Александр Беляев
Хорхе Луис Борхес
Герберт Уэллс
Айзек Азимов
Терри Пратчетт
Артур Мейчен
Джеймс Джойс
Жюль Верн
Уильям Гибсон
Джон Уиндэм
Ричард Бротиган
Иван Ефремов
Энтони Беркли
Филип Дик
Джордж Мартин
Ричард Лаймон
Курт Воннегут
Сол Бэллоу
Фредерик Бегбедер
Артур Кларк
Ларри Нивен
Майкл Крайтон
Фрэнк Герберт
Клайв Баркер
Артур Шницлер
 
Answer Stats
Answer % Correct
Герберт Уэллс
82%
Айзек Азимов
82%
Иван Ефремов
82%
Александр Беляев
64%
Жюль Верн
64%
Артур Кларк
64%
Теодор Стёрджон
45%
Уильям Гибсон
45%
Филип Дик
45%
Курт Воннегут
45%
Фрэнк Герберт
36%
Джон Уиндэм
27%
Лоис Макмастер Буджолд
9%
Ларри Нивен
9%
Майкл Крайтон
0%
No matching quizzes found
Score Distribution
Percent of People with Each Score
Percentile by Number Answered
Your Score History
You have not taken this quiz